Регионална библиотека "Любен Каравелов" - Русе

Продуктивни стратегии на обучение по техника и технологии в началните класове (Запис номер 27467)

MARC детайли
000 -Лидер
Контролно поле с фиксирана дължина 01641nam a2200349 c 4500
003 - Код на организацията, давaща контролен номер
Контролно поле BLK
005 - Дата и час на последна редакция
Контролно поле 20230323030238.0
008 - Елементи от данни с фиксирана дължина
fixed length control field 180413b bul|||||r ||||||| ||bul||
010 ## - Наследен системен номер
LC control number KNG00030050000
020 ## - Международен стандартен номер на книга ISBN
Международен стандартен номер на книга ISBN 954-8510-53-3
-- издат.: Веда Словена-ЖГ - (грешен)
020 ## - Международен стандартен номер на книга ISBN
Международен стандартен номер на книга ISBN 954-8510-55-3
-- издат.: Веда Словена-ЖГ - (попр.)
040 ## - Източник на каталожния запис
Идентификатор на билиотеката - собственик на записа BLK
041 ## - Код за език
Код за езика на текст/звукозапис или на отделно заглавие Български
Код за езика КДБФ Български
080 ## - УДК
Текстов определител УДК Специално обучение като елемент на общообразователното обучение - Обучение по техника, домакинство, селско стопанство и др.
УДК код - определител по УДК 373.6
УДК определител
УДК - код + определител 373.6
100 1# - Редна дума - Автор
Автор Витанов, Любен Владимиров
Авторска отговорност първи автор
R(LIN) 366231
139 ## - Редно поле
Редна дума Витанов, Любен Владимиров
Авторски знак Вит - В 65
245 10 - Сведения за заглавието
Заглавие Продуктивни стратегии на обучение по техника и технологии в началните класове
Редно поле (дума) Любен Владимиров Витанов.
257 ## - Страна на издаване
Страна на създаване/издаване България
260 ## - Област на издателските данни
-- София
Име на издателя, разпространителя и проч. Веда Словена-ЖГ
Година на издаване 1999
300 ## - Физическа характеристика
Страници 208 с.
Илюстрации и др. с ил., сх., диагр.
Размери/Мащаб 23 см
380 ## - Жанр
Жанр Обществени науки
650 #4 - Допълнително описание по предмет – тема
Основно описание – тема или топоним Трудово обучение - методика на преподаването - за основни училища
9 (RLIN) 245000
653 ## - Ключова дума – ненормативна
Ключова дума стратегии
653 ## - Ключова дума – ненормативна
Ключова дума обучение
653 ## - Ключова дума – ненормативна
Ключова дума техника
653 ## - Ключова дума – ненормативна
Ключова дума технологии
852 ## - Местоположение
Форматна сигнатура Цб 202812
856 4# - Електронен адрес и достъп
Електронен формат pdf - файл
Път до файла /url/
856 4# - Електронен адрес и достъп
Електронен формат pdf - файл
Път до файла /url/
942 ## - АРТИКУЛИ
Вид на библиотечния материал Книги
Скрит в OPAC Не
Koha issues (borrowed), all copies 2
944 ## - СЪЗДАВАНЕ И РЕДАКЦИЯ на ЗАПИСА
Създаване/Редакция Създаване
Дата на регистрацията/редакция 15.01.2003
Служител, извършил регистрацията/редакцията Цветанка_Енчева
944 ## - СЪЗДАВАНЕ И РЕДАКЦИЯ на ЗАПИСА
Създаване/Редакция Редакция
Дата на регистрацията/редакция 21.11.2003
Служител, извършил регистрацията/редакцията
999 ## - СИСТЕМНИ КОНТРОЛНИ НОМЕРА
Koha biblionumber 27467
Koha biblioitemnumber 27467
Наличности
Код за отписване Код за изгубен артикул Източник на класификационната схема Код за повреда Коз за рестрикции Код за отдаване Артикулен № Име на библиотеката - собственик Име на библиотеката, в която се намира в момента Статус (Текущо местоположение) Дата на вписване в системата Местоположение - отдел Цена в лева Инвентарен номер Систематично азбучна сигнатура Баркод Номер на екземпляра Цена в евро Служебна бележка Служебен тип на артикула
  Не е изгубен Universal Decimal Classification Не е повреден без рестрикции ползва се в читалня 44346 Регионална библиотека "Любен Каравелов" Русе Регионална библиотека "Любен Каравелов" Русе Хранилище 2001-01-01 Хранилище 0.00 652512 Цб 202812 120000652512 1 0.00 Дост: Dp Вид: Д N: стар фонд Дата: 01.01.2001 Книги
  Не е изгубен Universal Decimal Classification Не е повреден без рестрикции ползва се в читалня 44347 Регионална библиотека "Любен Каравелов" Русе Регионална библиотека "Любен Каравелов" Русе Читалня 2003-11-18 Читалня 5.60 120000680178 Ч 373.2+373.3/В 65 120000680178 2 2.86 Дост: Pk Вид: Ф N: 8851 Дата: 14.11.2003 Дата инв: 15.03.2017 Бележки инв: Ч2017 Книги
Vip Innovations Ltd, Rousse, Bulgaria 2025